Zo zasadnutia výboru SSA

Bibliographic Details
Other Authors: Mišovič, Milan (Compiler)
Format: Article
Language:Slovak
Subjects:

MARC

LEADER 00000nab a2200000 a 4500
001 vtls000691791
003 SK-MaSNL
005 20260304083842.0
008 250425c1999 xo 0 slo
015 |a SNBRB1999/06-ccccc 
035 |a CLN000043958 
035 |a urn:nbn:sk:snk-ab74bn 
035 |a (uuid)04a582cb-b29a-44a5-bb95-aca74ef65697 
035 |a (urnnbn)urn:nbn:sk:snk:ar-a06t4c 
035 |a (sysno)vtls000691791 
040 |a SNKBUCL  |b slo  |c SNKBUCL  |e AACR2 
041 0 |a slo 
044 |a xo  |c SK 
080 |a 930.25:061.22(437.6)  |2 1997 
245 0 0 |a Zo zasadnutia výboru SSA  |c zapísal Milan Mišovič 
610 2 7 |a Spoločnosť slovenských archivárov.  |b Výbor  |2 snkbucl 
648 7 |a 23.2.1999  |2 snkbucl  |9 1375314 
648 7 |a 1999  |2 snkbucl  |9 266597 
650 0 7 |a zasadanie  |2 snkbucl  |9 280253 
655 7 |a správy  |2 snkbucl  |9 70563 
655 7 |a články z novín a časopisov  |2 snkbucl  |9 267496 
700 1 |a Mišovič, Milan  |4 com  |9 581309 
773 0 |t Fórum archivárov  |g Roč. 10, č. 2 (1999), s. 5-8 
850 |a Slovenská národná knižnica 
852 |a Slovenská národná knižnica 
954 |a odborná, vedecká literatúra pôvodná (slovenská)  |2 lita 
958 |a article27 
958 |a OND 
958 |a EUIPO 
992 |a RBX 
999 |c 2801465  |d 2803395